[Event "Hessen-chB"]
[Site "Marburg"]
[Date "2017.??.??"]
[Round "5"]
[White "Mauersberger, Uwe"]
[Black "Alonzo, Desi"]
[Result "1-0"]
[WhiteElo "1762"]
[BlackElo "1704"]
[PlyCount "100"]
[EventDate "2017.05.24"]
[EventType "swiss"]
[EventRounds "7"]
[EventCountry "GER"]
[SourceTitle "EXT 2018"]
[Source "ChessBase"]
[SourceDate "2017.10.13"]
[SourceVersion "1"]
[SourceVersionDate "2017.10.13"]
[SourceQuality "1"]

1. e4 c6 2. d4 d5 3. f3 Nd7 4. Bd3 e5 5. Ne2 Qh4+ 6. g3 Qf6 7. 0-0 exd4 8. exd5 c5 9. c3 Bd6 10. cxd4 cxd4 11. Bb5 Bc5 12. Kg2 Ne7 13. Qc2 Qb6 14. Bc4 0-0 15. Bg5 Ne5 16. Bxe7 Bxe7 17. Nd2 Bd7 18. b3 Rac8 19. Qe4 Nxc4 20. bxc4 Bf6 21. Rab1 Rfe8 22. Rxb6 Rxe4 23. Nxe4 axb6 24. Nxf6+ gxf6 25. Rc1 d3 26. Nf4 Bf5 27. Kf2 Ra8 28. Ra1 Rc8 29. g4 Rxc4 30. Ke3 d2 31. Rd1 Rc3+ 32. Ke2 Rc4 33. Nh5 Bc8 34. Rxd2 Kf8 35. Nxf6 Ke7 36. Nxh7 Kd6 37. Ng5 f5 38. Nf7+ Ke7 39. Ne5 Ra4 40. d6+ Ke6 41. d7 Bxd7 42. Nxd7 Ra5 43. g5 Kf7 44. Kf2 f4 45. h4 Ra8 46. Kg2 Ra3 47. Ne5+ Ke6 48. Nc4 Rc3 49. Nxb6 Rc7 50. Kh3 Rc1 1-0

[Event "Hessen-ch op-B"]
[Site "Frankfurt Sossenheim"]
[Date "2015.??.??"]
[Round "2"]
[White "Alonzo, Desi"]
[Black "Mueller, Nils"]
[Result "1-0"]
[WhiteElo "1699"]
[BlackElo "1089"]
[PlyCount "89"]
[EventDate "2015.05.13"]
[EventType "swiss"]
[EventRounds "7"]
[EventCountry "GER"]
[SourceTitle "EXT 2016"]
[Source "ChessBase"]
[SourceDate "2015.10.08"]
[SourceVersion "1"]
[SourceVersionDate "2015.10.08"]
[SourceQuality "1"]

1. Nf3 d5 2. c4 Nf6 3. d4 e6 4. Nc3 b6 5. Bg5 Bb4 6. Qa4+ Nc6 7. Ne5 Bxc3+ 8. bxc3 Qd6 9. Qxc6+ Qxc6 10. Nxc6 Ne4 11. Bd2 Bd7 12. cxd5 exd5 13. Ne5 Be6 14. f3 Nxd2 15. Kxd2 0-0 16. g4 f6 17. Nd3 Rac8 18. Nf4 Bf7 19. e4 dxe4 20. fxe4 Rfe8 21. Ba6 Rcd8 22. Rhe1 c5 23. d5 g5 24. Nd3 Rb8 25. a4 Kg7 26. Bb5 Re7 27. Nb2 h5 28. h3 hxg4 29. hxg4 Rh8 30. Re2 Rh4 31. Rg1 f5 32. d6 Rxe4 33. d7 Rxe2+ 34. Kxe2 Rh8 35. gxf5 Kf6 36. Nc4 Bxc4+ 37. Bxc4 Kxf5 38. Rf1+ Kg6 39. Rd1 Rd8 40. Rd6+ Kh5 41. Bf7+ Kg4 42. Kf2 Kf4 43. Be8 g4 44. Rc6 g3+ 45. Kg2 1-0

[Event "Hessen-ch op-B"]
[Site "Frankfurt Sossenheim"]
[Date "2015.??.??"]
[Round "6"]
[White "Anhalt, Albert"]
[Black "Alonzo, Desi"]
[Result "1-0"]
[WhiteElo "1896"]
[BlackElo "1699"]
[PlyCount "75"]
[EventDate "2015.05.13"]
[EventType "swiss"]
[EventRounds "7"]
[EventCountry "GER"]
[SourceTitle "EXT 2016"]
[Source "ChessBase"]
[SourceDate "2015.10.08"]
[SourceVersion "1"]
[SourceVersionDate "2015.10.08"]
[SourceQuality "1"]

1. e4 d5 2. exd5 Qxd5 3. Nc3 Qa5 4. Bc4 c6 5. d4 e6 6. Nf3 Nf6 7. 0-0 Nbd7 8. Bd2 Qd8 9. Re1 Be7 10. Ne5 0-0 11. Qe2 Nxe5 12. dxe5 Nd5 13. Rad1 f5 14. exf6 Bxf6 15. Ne4 Bxb2 16. c3 Ba3 17. Ng5 Rf6 18. Qe4 Rg6 19. Nf3 Bd6 20. h4 Kh8 21. h5 Nf6 22. Ng5 Qc7 23. Qf3 Rxg5 24. Bxg5 Nd5 25. Bxd5 cxd5 26. Rxd5 Bd7 27. Rd2 Bc6 28. Qh3 Bd5 29. h6 Be5 30. hxg7+ Qxg7 31. Bh6 Qf6 32. Rxd5 exd5 33. Qe3 Bxc3 34. Qe8+ Qf8 35. Bxf8 Rxe8 36. Rxe8 Kg8 37. Bb4+ Kf7 38. Re7+ 1-0

[Event "Hessen-ch op-B"]
[Site "Frankfurt Sossenheim"]
[Date "2015.??.??"]
[Round "3"]
[White "Diehl, Stefan"]
[Black "Alonzo, Desi"]
[Result "0-1"]
[WhiteElo "1815"]
[BlackElo "1699"]
[PlyCount "134"]
[EventDate "2015.05.13"]
[EventType "swiss"]
[EventRounds "7"]
[EventCountry "GER"]
[SourceTitle "EXT 2016"]
[Source "ChessBase"]
[SourceDate "2015.10.08"]
[SourceVersion "1"]
[SourceVersionDate "2015.10.08"]
[SourceQuality "1"]

1. f4 Nf6 2. Nf3 c5 3. g3 Nc6 4. Bg2 d5 5. 0-0 Bf5 6. Nh4 Qd7 7. Nxf5 Qxf5 8. d3 h5 9. Nd2 0-0-0 10. Nf3 h4 11. Nxh4 Rxh4 12. gxh4 e6 13. c3 Be7 14. Qe1 Rh8 15. e4 Qh7 16. e5 Ne8 17. Qe2 Bxh4 18. f5 Bd8 19. Bf4 Ne7 20. fxe6 fxe6 21. Qg4 Nc7 22. Rf3 Nf5 23. Rh3 Qg8 24. Rxh8 Qxh8 25. c4 g5 26. Bd2 Qxe5 27. Re1 Qxb2 28. Bxg5 Qg7 29. h4 Nxh4 30. Qxh4 Bxg5 31. Qh3 Qd4+ 32. Kh1 Bf4 33. cxd5 Qc3 34. Rf1 Bd6 35. dxe6 Kb8 36. Qh7 a6 37. e7 Qe5 38. Rb1 b5 39. a4 b4 40. Qg8+ Ka7 41. Qh7 Qxe7 42. Qxe7 Bxe7 43. Re1 Bd6 44. Kg1 Kb6 45. Kf2 Ka5 46. Bc6 b3 47. Ke2 Kb4 48. Kd2 Bf4+ 49. Kd1 Ka3 50. Re2 a5 51. Rf2 b2 52. Kc2 Be3 53. Rf1 Na6 54. Be8 Nb4+ 55. Kb1 Bd4 56. Rf5 Na2 57. Rf1 Nc3+ 58. Kc2 Nd5 59. Kb1 Nc3+ 60. Kc2 Nxa4 61. Bxa4 Kxa4 62. Rf4 Ka3 63. Rf7 Ka2 64. Rb7 a4 65. Rb5 a3 66. Rb3 Bf2 67. Rb5 Be1 0-1